00351nam a22001337a 450000500170000000800410001704100080005808200160006610000500008224500330013226000290016530000080019465000150020220180717123713.0160621b xxu||||| |||| 00| 0 eng d aeng b8648a657.3 aBhattacharya, Dr. Anjan and jana, Madam Mohan aFinancial Statement Analysis bB.B.Kundu grandsonc2008 a781 aManagement